Loading...
Thought - Philosophy | 1 | 1 | 0 | 0 | 25 | 76 | 80.50 | 1 | 2 |
Arts - Other Arts | 0 | 2 | 0 | 0 | 20 | 85 | 110.00 | 0 | 1 |
Arts - Other Arts | 1 | 0 | 0 | 0 | 15 | 29 | 29.00 | 1 | 1 |
Beliefs - Religion | 0 | 2 | 1 | 0 | 15 | 75 | 91.00 | 0 | 2 |
History - Other History | 0 | 1 | 0 | 0 | 10 | 101 | 101.00 | 0 | 0 |
Arts - Music | 0 | 1 | 0 | 0 | 10 | 128 | 128.00 | 0 | 0 |
Literature - American Lit | 0 | 1 | 0 | 0 | 10 | 134 | 134.00 | 0 | 0 |
Other - Other Academic | 0 | 1 | 0 | 1 | 10 | 88 | 88.00 | 1 | 1 |
Science - Biology | 0 | 1 | 0 | 0 | 10 | 104 | 104.00 | 0 | 1 |
Science - Other Science | 0 | 1 | 0 | 0 | 10 | 99 | 99.00 | 0 | 1 |
Thought - Philosophy | 0 | 1 | 0 | 0 | 10 | 78 | 78.00 | 0 | 0 |
History - American History | 0 | 0 | 1 | 0 | -5 | 0.00 | 0 | 0 | |
History - Euro History | 0 | 0 | 1 | 0 | -5 | 0.00 | 0 | 0 | |
History - Euro History | 0 | 0 | 1 | 0 | -5 | 0.00 | 0 | 0 | |
Other - Geo/CE | 0 | 0 | 1 | 0 | -5 | 0.00 | 0 | 0 | |
Beliefs - Religion | 0 | 0 | 1 | 0 | -5 | 0.00 | 0 | 0 | |
Literature - Euro Lit | 0 | 0 | 1 | 0 | -5 | 0.00 | 0 | 0 |